| 000 | 01847nam a22003857a 4500 | ||
|---|---|---|---|
| 003 | BDCtgAUW | ||
| 005 | 20260324190902.0 | ||
| 008 | 260226b ii ||||| |||| 00| 0 eng d | ||
| 020 | _a9789392018176 | ||
| 035 | _a(OCoLC)1438794665 | ||
| 040 |
_aBDCtgAUW _bBDCtgAUW _cBDCtgAUW _dBDCtgAUW |
||
| 050 | 0 | 0 |
_aDS422.C3 _bP728 |
| 100 | 1 | 0 |
_aPrashad, Vijay _eauthor _965360 |
| 245 | 1 | 0 |
_aUntouchable freedom : _ba social history of the dalit community / |
| 250 | _aFirst Leftword edition. | ||
| 264 | 1 |
_aNew Delhi, India : _bLeftWord Books, _cMay 2024. |
|
| 300 |
_a244 p. : _c22 cm. |
||
| 336 |
_atext _btxt _2rdacontent _0http://id.loc.gov/vocabulary/contentTypes/txt |
||
| 337 |
_aunmediated _bn _2rdamedia _0http://id.loc.gov/vocabulary/mediaTypes/n |
||
| 338 |
_avolume _bnc _2rdacarrier _0http://id.loc.gov/vocabulary/carriers/nc |
||
| 500 | _aFirst published in 2000 by Oxford University Press, New Delhi"--Title page verso. | ||
| 504 | _aIncludes bibliographical references. | ||
| 530 | _aAlso available as an e-book. | ||
| 650 | 0 |
_aDalits _zIndia _xSocial conditions _0http://id.loc.gov/authorities/subjects/sh2008102011 _991076 |
|
| 650 | 0 |
_aSanitation workers _zIndia _xSocial conditions _991077 |
|
| 650 | 0 |
_aPeople with social disabilities _zIndia _0http://id.loc.gov/authorities/subjects/sh2010105454 _991078 |
|
| 650 | 0 |
_aMarginality, Social _zIndia _991079 |
|
| 650 | 6 |
_aOuvriers à la salubrité _zInde _xConditions sociales _991080 |
|
| 758 | _1http://id.loc.gov/resources/instances/23858260 | ||
| 758 |
_4http://id.loc.gov/ontologies/bibframe/instanceOf _1http://id.loc.gov/resources/works/23858260 |
||
| 884 |
_aDLC bibframe2marc v3.0-dev _g20251120 _qDLC _uhttps://github.com/lcnetdev/bibframe2marc/tree/v3.0-dev |
||
| 887 |
_28 _aPapia Akter |
||
| 942 |
_2lcc _cBK _n0 |
||
| 999 |
_c16283 _d16283 |
||
| 888 | _28 | ||